| 000 | 00827pam a2200241 a 4500 | ||
|---|---|---|---|
| 020 | _a156247815X | ||
| 020 | _a1562477595 (pbk.) | ||
| 040 | _cDLC | ||
| 082 | 0 | 0 | _a685 PLE 1999 A037 Or. |
| 100 | 1 | _aJones, Elizabeth McDavid, | |
| 245 | 1 | 4 | _aThe night flyers / |
| 250 | _a1st ed. | ||
| 260 |
_aMiddleton, Wis. : _bPleasant Co. Publications, _cc1999. |
||
| 300 |
_a145 p. : _bcol. ill., map ; _c20 cm. |
||
| 500 | _a"American girl." | ||
| 520 | _aIn 1918, caring for her family's homing pigeons while her father is away fighting in World War I, twelve-year-old Pam comes to suspect that a mysterious stranger in her small North Carolina town is a German spy. | ||
| 650 | 0 | _aWorld War, 1914-1918 | |
| 650 | 1 | _aWorld War, 1914-1918 | |
| 650 | 1 | _aHoming pigeons | |
| 650 | 1 | _aPigeons | |
| 650 | 1 | _aSpies | |
| 942 | _cEK | ||
| 999 |
_c13551 _d13551 |
||